The 100 (Record no. 6564)
[ view plain ]
| 000 -LEADER | |
|---|---|
| fixed length control field | 00476 a2200169 4500 |
| 020 ## - INTERNATIONAL STANDARD BOOK NUMBER | |
| International Standard Book Number | 0806513500 |
| 035 ## - SYSTEM CONTROL NUMBER | |
| System control number | 1198549 |
| 090 ## - LOCALLY ASSIGNED LC-TYPE CALL NUMBER (OCLC); LOCAL CALL NUMBER (RLIN) | |
| -- | 2642 |
| -- | 2642 |
| 100 10 - MAIN ENTRY--PERSONAL NAME | |
| Personal name | Hart, Michael H. |
| 245 14 - TITLE STATEMENT | |
| Title | The 100 |
| Remainder of title | : a ranking of the most influential persons in history |
| Statement of responsibility, etc. | / Michael H. Hart. |
| 260 0# - PUBLICATION, DISTRIBUTION, ETC. | |
| Place of publication, distribution, etc. | New York |
| Name of publisher, distributor, etc. | : Hart Pub. Co. |
| Date of publication, distribution, etc. | , c1978. |
| 300 ## - PHYSICAL DESCRIPTION | |
| Extent | 572 p. |
| Other physical details | : ill. |
| Dimensions | ; 27 cm. |
| 500 ## - GENERAL NOTE | |
| General note | A Hart book. |
| 500 ## - GENERAL NOTE | |
| General note | Includes index. |
| 650 #0 - SUBJECT ADDED ENTRY--TOPICAL TERM | |
| Topical term or geographic name entry element | Biography. |
| 942 ## - ADDED ENTRY ELEMENTS (KOHA) | |
| Koha item type | Book |
| Call number prefix | 920.02 HAR |
| Withdrawn status | Lost status | Damaged status | Not for loan | Collection code | Permanent Location | Current Location | Shelving location | Date acquired | Source of acquisition | Cost, normal purchase price | Total Checkouts | Total Renewals | Full call number | Barcode | Date last seen | Date last checked out | Price effective from | Koha item type |
|---|---|---|---|---|---|---|---|---|---|---|---|---|---|---|---|---|---|---|
| Central Library (CL) | Central Library (CL) | General Stacks | 03/31/2003 | Progressive International Agencies | 639.40 | 6 | 2 | 920.02 HAR | SEECS003304 | 09/11/2025 | 02/03/2023 | 01/05/2017 | Book | |||||
| Central Library (CL) | Central Library (CL) | General Stacks | 03/31/2003 | Progressive International Agencies | 639.40 | 6 | 7 | 920.02 HAR | SEECS003303 | 09/23/2025 | 01/15/2023 | 01/05/2017 | Book |
